000 00545nam a2200217Ia 4500
003 OSt
005 20220928141554.0
006 a|||||r|||| 00| 0
007 ta
008 220927b |||||||| |||| 00| 0 eng d
024 _a16073
037 _cTextual
040 _aSDCL
_cSDCL
_beng
041 _2eng
_aeng
082 _aO142,1M92x, M7
100 _aTsvetaeva Marina
_9500985
245 0 _aAyenge din kavitaon ke.
260 _c1987
942 _hO142,1M92x, M7
_cTEXL
_2CC
999 _c818427
_d818427